| 000 | 00689nam a22002177a 4500 | ||
|---|---|---|---|
| 999 |
_c16305 _d16305 |
||
| 003 | AR-CdUCM | ||
| 008 | 190503b ||||| |||| 00| 0 spa d | ||
| 040 |
_aMUNICIPALIDAD PROVINCIAL DEL CUSCO _cBIBLIOTECA MUNICIPAL DEL CUSCO |
||
| 082 |
_a858.95 / _bD12 |
||
| 100 |
_aDa Verona, Guido _935672 |
||
| 245 | _aUna aventura de amor en Teherán / | ||
| 260 |
_aSantiago de Chile : _bNueva época, |
||
| 300 |
_a144 páginas ; _c19 cm. |
||
| 440 |
_aAfrodita ; _n15 _935673 |
||
| 505 | _aContenido: Novela | ||
| 650 |
_aNovelas italianas _99329 |
||
| 650 |
_aSiglo XX. _98 |
||
| 700 |
_aBarrichero y Herranz, Eduardo (traductor) _935674 |
||
| 942 |
_2ddc _cLIBROS |
||
| 945 |
_aacv _d2019-05-03 |
||